Imunopatogeneze roztroušené sklerózy

Bibliographic Details
Main Authors: Krejsek, Jan, 1958- (Author), Kopecký, Otakar (Author), Taláb, Radomír (Author)
Format: Article
Language:Slovak
Czech
PhysicalDescription:Obr.
ISSN:1335-9592
Subjects:

MARC

LEADER 00000nab a2200000 a 4500
001 vtls000835874
003 SK-MaSNL
005 20260304132134.0
008 250429c2002 xo 0 slo
015 |a SNBRB2003/05-ccccc 
035 |a CLN000187529 
035 |a urn:nbn:sk:snk-ab94nz 
035 |a (urnnbn)urn:nbn:sk:snk:ar-006lt2 
035 |a (uuid)631a2e40-ad1e-419f-b693-9734b6b000da 
040 |a SNKBUCL  |b slo  |c SNKBUCL  |e AACR2 
041 0 |a cze 
044 |a xo  |c SK 
080 |a 616.832-004.2-097  |2 1997 
100 1 |a Krejsek, Jan,  |d 1958-  |4 aut  |9 100898 
245 1 0 |a Imunopatogeneze roztroušené sklerózy  |c Jan Krejsek, Otakar Kopecký, Radomír Taláb 
300 |b Obr. 
504 |a Res. čes. 
504 |a Bibliogr. odkazy 
650 0 7 |a sclerosis multiplex  |x etiológia  |x genetika  |x imunológia  |2 snkbucl  |9 1446677 
650 0 7 |a autoantigény  |x imunológia  |2 snkbucl  |9 1446678 
650 0 7 |a imunogenetika  |2 snkbucl  |9 15100 
650 0 7 |a antigény HLA  |2 snkbucl  |9 910924 
650 0 7 |a zápal neurogénny  |2 snkbucl  |9 1446679 
650 0 7 |a neuroimunomodulácia  |2 snkbucl  |9 25269 
655 7 |a články z novín a časopisov  |2 snkbucl  |9 267496 
700 1 |a Kopecký, Otakar  |4 aut  |9 1383109 
700 1 |a Taláb, Radomír  |4 aut  |9 1130845 
773 0 |t Neurológia pre prax  |g Roč. 1, č. 5 (2002), s. 241-247  |x 1335-9592 
850 |a Slovenská národná knižnica 
852 |a Slovenská národná knižnica 
954 |a odborná, vedecká literatúra pôvodná (slovenská)  |2 lita 
954 |a odborná, vedecká literatúra cudzojazyčná (svetová)  |2 lita 
958 |a article13 
958 |a OND 
958 |a MI 
958 |a NB 
958 |a EUIPO 
999 |c 2898416  |d 2900346